DSP primer / (Record no. 131730)

MARC details
000 -LEADER
fixed length control field 00750nam a22002537a 4500
003 - CONTROL NUMBER IDENTIFIER
control field 0
005 - DATE AND TIME OF LATEST TRANSACTION
control field 20180705153723.0
008 - FIXED-LENGTH DATA ELEMENTS--GENERAL INFORMATION
fixed length control field 0
010 ## - LIBRARY OF CONGRESS CONTROL NUMBER
LC control number B-192506
020 ## - INTERNATIONAL STANDARD BOOK NUMBER
Terms of availability 00.00
International Standard Book Number 0070603499
035 ## - SYSTEM CONTROL NUMBER
System control number B-192506, B-192507
037 ## - SOURCE OF ACQUISITION
Source of stock number/acquisition Cen Lib/Ret
040 ## - CATALOGING SOURCE
Original cataloging agency DPL
Language of cataloging EN
Transcribing agency 0
082 ## - DEWEY DECIMAL CLASSIFICATION NUMBER
Classification number 621.3822
Item number ROR
100 ## - MAIN ENTRY--PERSONAL NAME
Personal name Rorabaugh, C. Britton
9 (RLIN) 32602
245 ## - TITLE STATEMENT
Title DSP primer /
Statement of responsibility, etc by C. Britton Rorabaugh
260 ## - PUBLICATION, DISTRIBUTION, ETC. (IMPRINT)
Place of publication, distribution, etc New Delhi
Name of publisher, distributor, etc Tata McGraw Hill Publishing Company
Date of publication, distribution, etc 1999
270 ## - ADDRESS
City New Delhi
Postal code 110008
Address 7 west patel nagar
300 ## - PHYSICAL DESCRIPTION
Extent xvi, 518p.
Dimensions 21cm(Hb)
500 ## - GENERAL NOTE
General note Includes appendix and index
650 ## - SUBJECT ADDED ENTRY--TOPICAL TERM
Topical term or geographic name as entry element Signal processing
9 (RLIN) 20949
650 ## - SUBJECT ADDED ENTRY--TOPICAL TERM
Topical term or geographic name as entry element Digital techniques
General subdivision
9 (RLIN) 32603
942 ## - ADDED ENTRY ELEMENTS (KOHA)
Source of classification or shelving scheme Dewey Decimal Classification
Koha item type English Books
Classification part 621.3822
Call number suffix ROR
Holdings
Withdrawn status Lost status Damaged status Not for loan Home library Current library Date acquired Source of acquisition Cost, normal purchase price Total Checkouts Full call number Barcode Date last seen Copy number Cost, replacement price Price effective from Koha item type Source of classification or shelving scheme Collection code
        Central Library Central Library 15/07/2015 Cen Lib/Ret 0.00   621.3822 ROR B-192506 15/07/2015 1 0.00 15/07/2015 English Books    
        Patel Nagar Patel Nagar 05/07/2018 BPPD/Pub 0.00   621.3822 ROR B-192507 05/07/2018   0.00 05/07/2018 English Books Dewey Decimal Classification Non-fiction

© Delhi Public Library
Hit Counter
free hit counter